| Tag |
First Indicator |
Second Indicator |
Subfields |
| LEADER |
00000cam a2200000 a 4500 |
| 001 |
in00001402211 |
| 005 |
20151020054108.0 |
| 008 |
940310s1993 nyua b 001 0deng |
| 010 |
|
|
|a 94060331
|
| 019 |
|
|
|a 30721149
|
| 020 |
|
|
|a 086316160X :
|c $9.95 (£6.99 U.K.)
|
| 035 |
|
|
|a (OCoLC)32199109
|
| 035 |
|
|
|9 AHN0394AM
|
| 040 |
|
|
|a DLC
|c DLC
|d TXA
|d UtOrBLW
|
| 049 |
|
|
|a TXAM
|
| 050 |
0 |
0 |
|a B2430.F724
|b F55 1994
|
| 082 |
0 |
0 |
|a 194
|2 20
|
| 100 |
1 |
|
|a Fillingham, Lydia Alix.
|
| 245 |
1 |
0 |
|a Foucault for beginners /
|c Lydia Alix Fillingham ; illustrated by Moshe Susser.
|
| 264 |
|
1 |
|a New York :
|b Writers and Readers Pub.,
|c [1993]
|
| 264 |
|
4 |
|c ©1993
|
| 300 |
|
|
|a 156 pages :
|b illustrations ;
|c 23 cm.
|
| 336 |
|
|
|a text
|b txt
|2 rdacontent
|
| 337 |
|
|
|a unmediated
|b n
|2 rdamedia
|
| 338 |
|
|
|a volume
|b nc
|2 rdacarrier
|
| 490 |
1 |
|
|a Writers and Readers documentary comic book ;
|v 62
|
| 500 |
|
|
|a Cover title.
|
| 504 |
|
|
|a Includes bibliographical references (pages 152-154) and index.
|
| 600 |
1 |
0 |
|a Foucault, Michel,
|d 1926-1984.
|
| 700 |
1 |
|
|a Susser, Moshe.
|
| 830 |
|
0 |
|a Writers and Readers documentary comic book ;
|v 62.
|
| 948 |
|
|
|a c:pk
|
| 999 |
|
|
|a MARS
|
| 999 |
f |
f |
|s 7fefa291-aa2e-39aa-be9b-4612f04e30d9
|i 92a4264e-ab06-3339-97f1-9fd0f5fcd1f6
|t 0
|
| 952 |
f |
f |
|p normal
|a Texas A&M University
|b College Station
|c Sterling C. Evans Library
|s Evans stk
|d Evans: Library Stacks
|t 0
|e B2430.F724 F55 1994
|h Library of Congress classification
|i unmediated -- volume
|m A14823592049
|
| 998 |
f |
f |
|a B2430.F724 F55 1994
|t 0
|l Evans: Library Stacks
|